LEADER 01075nam0-2200361---450 001 990009820020403321 005 20190220130559.0 010 $a978-88-15-24528-1 035 $aFED01000982002 035 $a(Aleph)000982002FED01 035 $a000982002 100 $a20140206d2013----km-y0itay50------ba 101 1 $aita 102 $aIT 105 $aa-------001yb 200 1 $aSavonarola$eascesa e caduta di un profeta del Rinascimento$fDonald Weinstein 210 $aBologna$cIl mulino$d2013 215 $a472 p.$c[4] carte di tav. : ill.$d22 cm 225 1 $aBiblioteca storica 300 $aTraduzione di Giovanni Arganese 300 $aEdizione italiana a cura di Giorgio Caravale 610 0 $aSavonarola, Girolamo 676 $a945.5110543092$v22$zita 700 1$aWeinstein,$bDonald$0192753 801 0$aIT$bUNINA$gREICAT$2UNIMARC 901 $aBK 912 $a990009820020403321 952 $aXIV A 773$b51346$fFSPBC 952 $a230.092 SAV$bBIBL. 2019$fFLFBC 959 $aFSPBC 959 $aFLFBC 996 $aSavonarola$915193 997 $aUNINA